| 000 | 00638nam a22002177a 4500 | ||
|---|---|---|---|
| 003 | OSt | ||
| 005 | 20250425144902.0 | ||
| 008 | 250425b |||||||| |||| 00| 0 eng d | ||
| 020 | _a9780870031847 | ||
| 040 | _cWashington DC : | ||
| 050 |
_aK3224 _b.C568 2000 |
||
| 100 |
_aEdited by: T. Aleinikoff _eEditor |
||
| 245 |
_aCitizenship Today : _bGlobal Perspectives and Practices |
||
| 260 |
_aWashington DC : _bCarnegie Endowmwnt for Int'l Peace _cc2000 |
||
| 300 | _axi, 410pp | ||
| 490 | _3International Law | ||
| 500 | _aIncludes index | ||
| 700 |
_aDouglas Klusmeyer _eEditor |
||
| 856 | _3International Law | ||
| 942 |
_2lcc _cBK _n0 |
||
| 999 |
_c5551 _d5551 |
||